They Shoot Pictures, Don't They? - films 161 to 180 - Statistics

General Stats
  • This quiz has been taken 56 times
  • The average score is 8 of 20
Answer Stats
Picture Hint Answer % Correct
162. United States, 1977 Star Wars
95%
180. United States, 1963 The Birds
84%
166. United States, 1978 The Deer Hunter
75%
172. United States, 1968 Rosemary's Baby
68%
176. United States, 1933 Duck Soup
64%
173. United States, 1974 The Texas Chainsaw Massacre
64%
167. United States, 2007 There Will Be Blood
61%
171. United States, 1939 Stagecoach
59%
165. United States, 1973 Badlands
39%
168. United States, 1944 Double Indemnity
36%
177. United Kingdom, 1945 Brief Encounter
32%
174. Soviet Union, 1969 The Coulour of Pomegranates
25%
169. Senegal, 1973 Touki Bouki
25%
178. France, 1972 The Discreet Charm of the Bourgeoisie
23%
163. Italy, 1975 The Passenger
23%
179. United Kingdom, 1951 The River
18%
170. Poland, 1989 Dekalog
16%
164. Thailand, 2004 Tropical Malady
16%
175. Soviet Union, 1930 Earth
14%
161. France, 1930 The Golden Age
5%
No matching quizzes found
Score Distribution
Percent of People with Each Score
Percentile by Number Answered
Your Score History
You have not taken this quiz